Statistics for Rolling Stone's Top 100 Musical Artists/Bands

Click here to take the quiz!

General Stats

  • This quiz has been taken 5,660 times
  • The average score is 38 of 100

Answer Stats

RankArtist% Correct
1The Beatles
97%
4The Rolling Stones
92%
35Michael Jackson
82%
3Elvis Presley
81%
49Elton John
76%
14Led Zeppelin
75%
30Nirvana
72%
52Queen
72%
2Bob Dylan
70%
51Pink Floyd
67%
36Madonna
65%
72AC/DC
64%
9Aretha Franklin
64%
6Jimi Hendrix
64%
61Metallica
64%
29The Who
63%
39David Bowie
58%
38John Lennon
58%
27Prince
57%
12The Beach Boys
57%
41The Doors
55%
22U2
55%
85Black Sabbath
54%
92Guns N' Roses
53%
28The Clash
52%
23Bruce Springsteen
50%
83Eminem
50%
55Eric Clapton
50%
5Chuck Berry
49%
75Eagles
49%
15Stevie Wonder
49%
59Aerosmith
48%
60The Sex Pistols
47%
31Johnny Cash
46%
18Marvin Gaye
45%
46Janis Joplin
44%
70The Police
44%
66Al Green
43%
67Cream
43%
7James Brown
43%
65The Kinks
43%
40Simon and Garfunkel
42%
26The Ramones
42%
10Ray Charles
41%
86Tupac Shakur
41%
11Bob Marley
40%
34Neil Young
39%
88Jay-Z
38%
8Little Richard
38%
96Diana Ross and the Supremes
37%
73Radiohead
37%
63Tina Turner
36%
21Otis Redding
34%
13Buddy Holly
33%
97R.E.M
33%
47Patti Smith
31%
19The Velvet Underground
31%
91Tom Petty
29%
82Creedence Clearwater Revival
28%
56Dr.Dre
28%
84James Taylor
28%
24Jerry Lee Lewis
28%
95Lynyrd Skynyrd
28%
16Sam Cooke
28%
90Carlos Santana
27%
68The Temptations
27%
42Van Morrison
27%
77Beastie Boys
26%
62Joni Mitchell
26%
48Run-DMC
26%
100Talking Heads
26%
50The Band
26%
37Roy Orbison
25%
45The Byrds
25%
57Grateful Dead
23%
44Public Enemy
22%
80Elvis Costello
21%
25Fats Domino
21%
32Smokey Robinson and the Miracles
20%
89The Yardbirds
20%
53The Allman Brothers Band
19%
79The Four Tops
19%
74Hank Williams
18%
17Muddy Waters
18%
33The Everly Brothers
18%
71Frank Zappa
17%
43Sly and the Family Stone
17%
78The Stooges
16%
20Bo Diddley
15%
99Carl Perkins
13%
98Curtis Mayfield
12%
69Jackie Wilson
12%
94Nine Inch Nails
11%
81The Drifters
10%
54Howlin' Wolf
9%
76The Shirelles
9%
64Phil Spector
8%
93Booker T. and the MGs
7%
58Parliament Funkadelic
7%
87Gram Parsons
6%

Score Distribution

Percentile by Number Answered

Percent of People with Each Score

Your Score History

You have not taken this quiz